000 00686nam a2200205Ia 4500
003 GCL
008 140319s9999 xx 000 0 ara d
040 _aGCL /
_cGCL
082 0 4 _a189
_bع د
100 1 _aعلى عباس مراد
245 1 0 _aدولة الشريعة - قراءة فى جدلية الدين والسياسة عند ابن سينا /
_cعلى عباس مراد
250 _aالاولى
260 _aالقاهرة :
_bدار الطليعة ،
_c1999
300 _a208 ص ؛
_c24 سم
650 0 4 _aالفلسفة الاسلامية
650 0 4 _aالفلسفة السياسية
650 0 4 _aابن سينا
650 0 4 _aالسينوية
942 _2ddc
_cBK
999 _c5612
_d5612